[Event "Aragon-chT Preferente Gr-I"]
[Site "Aragon"]
[Date "2019.02.16"]
[Round "4.35"]
[White "Barcena Laguia, Francisco"]
[Black "Sarto Ramos, Angel"]
[Result "1-0"]
[WhiteElo "1804"]
[BlackElo "1891"]
[PlyCount "85"]
[EventDate "2019.01.26"]
[EventType "team-tourn"]
[EventRounds "9"]
[EventCountry "ESP"]
[SourceTitle "EXT 2020"]
[Source "ChessBase"]
[SourceDate "2019.10.17"]
[SourceVersion "1"]
[SourceVersionDate "2019.10.17"]
[SourceQuality "1"]
[WhiteTeam "Teruel II"]
[BlackTeam "El Olivar III"]
[WhiteTeamCountry "ESP"]
[BlackTeamCountry "ESP"]

1. d4 d5 2. Nf3 Bf5 3. Bf4 e6 4. e3 Bd6 5. Bg3 Nc6 6. a3 Nge7 7. Nc3 a6 8. Bd3 Qd7 9. 0-0 Bxg3 10. hxg3 Bg6 11. Rc1 0-0 12. Ne2 Bxd3 13. Qxd3 Ng6 14. c4 Nce7 15. b4 c6 16. Nc3 f5 17. Na4 dxc4 18. Qxc4 Qd5 19. Qc2 Nc8 20. Nc5 Ra7 21. Qe2 Rd8 22. Ng5 Nf8 23. Qh5 g6 24. Qh4 b6 25. Ncxe6 Nxe6 26. Nxe6 Re8 27. Nf4 Qd6 28. Nd3 Rc7 29. Rfd1 Na7 30. Ne5 Ree7 31. Nc4 Qe6 32. Nxb6 Qb3 33. Qf4 Rb7 34. Nc4 Rbd7 35. Ne5 Rd5 36. Rd3 Qa4 37. Rdc3 Rexe5 38. dxe5 Rd1+ 39. Kh2 Rxc1 40. Rxc1 Qxa3 41. Qc4+ Kg7 42. Rd1 Qb2 43. Rd7+ 1-0

[Event "Aragon-chT Preferente Gr-I"]
[Site "Aragon"]
[Date "2019.02.02"]
[Round "2.38"]
[White "Fernandez Rubio, Rafael"]
[Black "Sarto Ramos, Angel"]
[Result "1-0"]
[WhiteElo "2054"]
[BlackElo "1891"]
[PlyCount "51"]
[EventDate "2019.01.26"]
[EventType "team-tourn"]
[EventRounds "9"]
[EventCountry "ESP"]
[SourceTitle "EXT 2020"]
[Source "ChessBase"]
[SourceDate "2019.10.17"]
[SourceVersion "1"]
[SourceVersionDate "2019.10.17"]
[SourceQuality "1"]
[WhiteTeam "Tauste"]
[BlackTeam "El Olivar III"]
[WhiteTeamCountry "ESP"]
[BlackTeamCountry "ESP"]

1. e4 c6 2. d4 d5 3. f3 dxe4 4. fxe4 e5 5. Nf3 exd4 6. Bc4 Bg4 7. Bxf7+ Kxf7 8. Ne5+ Ke8 9. Qxg4 Qa5+ 10. Bd2 Qxe5 11. Qc8+ Kf7 12. 0-0+ Nf6 13. Qxb7+ Nbd7 14. Qxd7+ Kg6 15. Qxc6 Re8 16. Bf4 Qxe4 17. Qc4 Ng4 18. Nd2 Ne3 19. Qe2 Qe6 20. Rf3 Bc5 21. Rg3+ Kf7 22. Qh5+ g6 23. Qxc5 Nf5 24. Rh3 Rc8 25. Qxa7+ Kf6 26. Nf3 1-0

[Event "ESP-ch Seniors 65+"]
[Site "Altea"]
[Date "2017.10.15"]
[Round "9"]
[White "Dominguez Rueda, Juan"]
[Black "Sarto Ramos, Angel"]
[Result "1/2-1/2"]
[WhiteElo "2135"]
[BlackElo "1909"]
[PlyCount "21"]
[EventDate "2017.10.07"]
[EventType "swiss"]
[EventRounds "9"]
[EventCountry "ESP"]
[SourceTitle "CBM 181 Extra"]
[Source "ChessBase"]
[SourceDate "2017.12.12"]
[SourceVersion "1"]
[SourceVersionDate "2017.12.12"]
[SourceQuality "1"]

1. e4 Nc6 2. d4 d5 3. e5 Bf5 4. c3 e6 5. f4 h5 6. Nf3 Be7 7. Be3 Nh6 8. Bd3 Bxd3 9. Qxd3 Nf5 10. Bf2 g5 11. Qd1 1/2-1/2

[Event "Sitges op-B 43rd"]
[Site "Sitges"]
[Date "2017.07.29"]
[Round "8.1"]
[White "Samrat, Ghorai"]
[Black "Sarto Ramos, Angel"]
[Result "1-0"]
[WhiteElo "1938"]
[BlackElo "1932"]
[PlyCount "77"]
[EventDate "2017.07.22"]
[EventType "swiss"]
[EventRounds "9"]
[EventCountry "ESP"]
[SourceTitle "EXT 2024"]
[Source "ChessBase"]
[SourceDate "2023.10.10"]
[SourceVersion "1"]
[SourceVersionDate "2023.10.10"]
[SourceQuality "1"]

1. e4 g6 2. c4 c5 3. Nc3 Bg7 4. g3 Nc6 5. Bg2 e5 6. d3 Nge7 7. Be3 d6 8. Nge2 0-0 9. 0-0 Nd4 10. Qd2 h5 11. f4 f6 12. h3 a6 13. Rf2 Rb8 14. Raf1 b5 15. Nd5 Nxd5 16. cxd5 f5 17. fxe5 dxe5 18. b4 Nxe2+ 19. Rxe2 cxb4 20. Qxb4 f4 21. gxf4 a5 22. Qe1 exf4 23. Bxf4 Bd4+ 24. Kh1 Rb7 25. Qg3 Kh7 26. e5 Rf5 27. e6 h4 28. e7 Rxe7 29. Qxh4+ Kg8 30. Qxe7 Qb6 31. Be5 Rxf1+ 32. Bxf1 Bxe5 33. Qxe5 Bf5 34. h4 Qc5 35. Qe8+ Qf8 36. Qxf8+ Kxf8 37. d6 b4 38. Kh2 Bd7 39. Bh3 1-0

[Event "Aragon-ch Seniors-B"]
[Site "Zaragoza"]
[Date "2017.05.06"]
[Round "3"]
[White "Sarto Ramos, Angel"]
[Black "Brosa Soto, Jesus"]
[Result "1-0"]
[WhiteElo "1869"]
[BlackElo "1967"]
[PlyCount "47"]
[EventDate "2017.04.22"]
[EventType "swiss"]
[EventRounds "8"]
[EventCountry "ESP"]
[SourceTitle "EXT 2019"]
[Source "ChessBase"]
[SourceDate "2018.10.10"]
[SourceVersion "1"]
[SourceVersionDate "2018.10.10"]
[SourceQuality "1"]

1. Nf3 Nf6 2. g3 g6 3. Bg2 Bg7 4. 0-0 d5 5. d4 0-0 6. c4 c6 7. Nc3 Nbd7 8. cxd5 cxd5 9. Bf4 Nb6 10. b3 Bf5 11. Nh4 Bd7 12. Qd2 Bc6 13. Bh6 Ne4 14. Nxe4 Bxh6 15. Qxh6 dxe4 16. Rfd1 Qd5 17. Rac1 Rad8 18. Bh3 Nd7 19. e3 f5 20. Bf1 e6 21. Nxg6 hxg6 22. Qxg6+ Kh8 23. Qh6+ Kg8 24. Bc4 1-0

[Event "ESP-ch Seniors 65"]
[Site "Altea"]
[Date "2016.10.13"]
[Round "6"]
[White "Sarto Ramos, Angel"]
[Black "Bautista Sanchez, Joan"]
[Result "0-1"]
[WhiteElo "1881"]
[BlackElo "2152"]
[PlyCount "122"]
[EventDate "2016.10.09"]
[EventType "swiss"]
[EventRounds "9"]
[EventCountry "ESP"]
[SourceTitle "EXT 2024"]
[Source "ChessBase"]
[SourceDate "2023.10.10"]
[SourceVersion "1"]
[SourceVersionDate "2023.10.10"]
[SourceQuality "1"]

1. f4 Nf6 2. Nf3 g6 3. g3 Bg7 4. Bg2 0-0 5. 0-0 c5 6. d3 Nc6 7. e4 d6 8. Nbd2 Rb8 9. a4 a6 10. Nh4 Bg4 11. Bf3 Qd7 12. c3 b5 13. axb5 axb5 14. Ra6 Bxf3 15. Ndxf3 Qb7 16. Ra1 b4 17. Bd2 Ra8 18. Rxa8 Rxa8 19. f5 c4 20. fxg6 hxg6 21. Ng5 cxd3 22. cxb4 Qb6+ 23. Kg2 Ne5 24. Bc3 Qe3 25. Bd2 Qa7 26. Qb3 Qa2 27. Qxa2 Rxa2 28. Rb1 Nc4 29. Nhf3 Nd7 30. e5 Nxd2 31. Nxd2 Bxe5 32. Nc4 Bf6 33. Ne4 Bd4 34. Ned2 d5 35. Na5 Bxb2 36. Kf3 Bc3 37. Ndb3 Bxb4 38. Nc6 Bd6 39. Ke3 Rxh2 40. Kxd3 Ne5+ 41. Nxe5 Bxe5 42. Re1 Bf6 43. Nc5 Rh3 44. Re3 e6 45. Nd7 Be7 46. Kd4 Bd6 47. Nf6+ Kf8 48. Rb3 Bxg3 49. Rb7 Bf2+ 50. Ke5 Re3+ 51. Kd6 Bg3+ 52. Kd7 Ra3 53. Nh7+ Kg7 54. Ng5 Kf6 55. Nh7+ Kg7 56. Ng5 Bf4 57. Nxe6+ fxe6 58. Kxe6+ Kh6 59. Kxd5 Re3 60. Kd4 Re8 61. Rb1 g5 0-1

[Event "ESP-ch Seniors 65"]
[Site "Altea"]
[Date "2016.10.12"]
[Round "5"]
[White "Coll Sola, Joan"]
[Black "Sarto Ramos, Angel"]
[Result "1/2-1/2"]
[WhiteElo "2084"]
[BlackElo "1881"]
[PlyCount "98"]
[EventDate "2016.10.09"]
[EventType "swiss"]
[EventRounds "9"]
[EventCountry "ESP"]
[SourceTitle "EXT 2024"]
[Source "ChessBase"]
[SourceDate "2023.10.10"]
[SourceVersion "1"]
[SourceVersionDate "2023.10.10"]
[SourceQuality "1"]

1. e4 c6 2. d4 d5 3. exd5 cxd5 4. Bd3 Nf6 5. h3 Nc6 6. c3 e6 7. Bf4 Bd6 8. Bxd6 Qxd6 9. Nf3 0-0 10. 0-0 e5 11. dxe5 Nxe5 12. Nxe5 Qxe5 13. Nd2 Qf4 14. Re1 Bd7 15. Nb3 Rfe8 16. Qd2 Qxd2 17. Nxd2 Rxe1+ 18. Rxe1 Re8 19. Rxe8+ Nxe8 20. f3 f5 21. f4 Nd6 22. Kf2 Ne4+ 23. Ke3 Kf7 24. Nf3 h6 25. Kd4 Ke6 26. a3 Kd6 27. Ne5 Be6 28. h4 Nc5 29. Bc2 Bc8 30. Nf7+ Kc6 31. Ne5+ Kd6 32. Nf3 Ne6+ 33. Ke3 Nc5 34. Nd4 Ne4 35. Nb5+ Kc5 36. Nd4 a6 37. Bd3 Kd6 38. Nf3 Be6 39. Kd4 Nc5 40. Bc2 Ne4 41. Bxe4 dxe4 42. Ne1 a5 43. b4 axb4 44. axb4 b5 45. Nc2 Bd7 46. Ne3 Be6 47. g3 g6 48. Nc2 Bc4 49. Ne3 Be6 1/2-1/2

[Event "Barcelona Sants op-B 18th"]
[Site "Barcelona"]
[Date "2016.08.24"]
[Round "6"]
[White "Lopez Baena, David"]
[Black "Sarto Ramos, Angel"]
[Result "1-0"]
[WhiteElo "2019"]
[BlackElo "1890"]
[PlyCount "40"]
[EventDate "2016.08.19"]
[EventType "swiss"]
[EventRounds "10"]
[EventCountry "ESP"]
[SourceTitle "CBM 174 Extra"]
[Source "ChessBase"]
[SourceDate "2016.10.10"]
[SourceVersion "1"]
[SourceVersionDate "2016.10.10"]
[SourceQuality "1"]

1. d4 g6 2. e4 c6 3. c4 d5 4. e5 Bf5 5. Nc3 dxc4 6. Bxc4 b5 7. Bb3 a5 8. g4 Bc8 9. Be3 h5 10. g5 Bf5 11. Bc2 e6 12. Bxf5 exf5 13. Nh3 Ne7 14. Nf4 b4 15. Na4 Nd5 16. h4 Na6 17. Nxd5 Qxd5 18. 0-0 Nc7 19. Qd2 Be7 20. Rad1 Rd8 1-0

[Event "Aragon-chT Preferente A"]
[Site "Aragon"]
[Date "2016.03.05"]
[Round "6.48"]
[White "Sarto Ramos, Angel"]
[Black "Miranda Herrera, Jorge Manuel"]
[Result "1-0"]
[WhiteElo "1880"]
[BlackElo "1656"]
[PlyCount "165"]
[EventDate "2016.01.30"]
[EventType "team-tourn"]
[EventRounds "9"]
[EventCountry "ESP"]
[SourceTitle "EXT 2018"]
[Source "ChessBase"]
[SourceDate "2017.10.13"]
[SourceVersion "1"]
[SourceVersionDate "2017.10.13"]
[SourceQuality "1"]
[WhiteTeam "El Olivar III"]
[BlackTeam "Monsalud"]
[WhiteTeamCountry "ESP"]
[BlackTeamCountry "ESP"]

1. d4 d5 2. Nf3 Nf6 3. e3 g6 4. Bd3 Bg7 5. Nbd2 0-0 6. 0-0 Nbd7 7. c4 c6 8. b3 b6 9. Ba3 Re8 10. cxd5 cxd5 11. Bb5 Bb7 12. Rc1 Rc8 13. Qe2 a6 14. Bd3 b5 15. Rxc8 Qxc8 16. Rc1 Qb8 17. Rc2 e5 18. dxe5 Nxe5 19. Nxe5 Qxe5 20. Bb2 Qd6 21. Bd4 Ne4 22. Nf3 Bxd4 23. Nxd4 Nc5 24. Qd2 Nxd3 25. Qxd3 Qd7 26. b4 Rc8 27. Nb3 Kf8 28. Nc5 Qc6 29. Qd4 h5 30. h4 Re8 31. Rd2 Ba8 32. Qh8+ Ke7 33. Qe5+ Kf8 34. Qg3 a5 35. a3 Kg7 36. Rd4 a4 37. Qh3 Qc8 38. Qg3 Qb8 39. Kh2 Qxg3+ 40. Kxg3 Bc6 41. Kf4 Kf6 42. e4 Re5 43. Ke3 Re7 44. f4 Kg7 45. e5 f5 46. Rd2 Kf7 47. Kd4 Rc7 48. Rc2 Ba8 49. Rc3 Ke7 50. g3 Rc6 51. Rc1 Rc8 52. Nd3 Rc4+ 53. Rxc4 dxc4 54. Nc1 Bc6 55. Na2 Ke6 56. Nc3 Bd7 57. Kc5 Be8 58. Ne2 Bd7 59. Nd4+ Ke7 60. Ne2 Ke6 61. Nc3 Be8 62. Kb6 Bd7 63. Kc7 Be8 64. Kb6 Bd7 65. Kc5 Be8 66. Nxa4 bxa4 67. Kxc4 Kd7 68. b5 Kc7 69. Kc5 Kb7 70. e6 Kc7 71. b6+ Kb7 72. Kd6 Kxb6 73. Ke7 Bb5 74. Kf7 Bc4 75. Kxg6 Bxe6 76. Kxh5 Kc5 77. Kg6 Bd7 78. Kf7 Kc4 79. h5 Kb3 80. h6 Kxa3 81. h7 Ka2 82. h8Q a3 83. Qd4 1-0

[Event "Aragon-chT Preferente A"]
[Site "Aragon"]
[Date "2016.02.27"]
[Round "5.40"]
[White "Baquedano Coarasa, Pablo"]
[Black "Sarto Ramos, Angel"]
[Result "0-1"]
[WhiteElo "2031"]
[BlackElo "1880"]
[PlyCount "88"]
[EventDate "2016.01.30"]
[EventType "team-tourn"]
[EventRounds "9"]
[EventCountry "ESP"]
[SourceTitle "EXT 2018"]
[Source "ChessBase"]
[SourceDate "2017.10.13"]
[SourceVersion "1"]
[SourceVersionDate "2017.10.13"]
[SourceQuality "1"]
[WhiteTeam "Palacio de Pioneros"]
[BlackTeam "El Olivar III"]
[WhiteTeamCountry "ESP"]
[BlackTeamCountry "ESP"]

1. d4 Nf6 2. c4 c5 3. d5 g6 4. Nc3 d6 5. e4 Bg7 6. h3 0-0 7. Nf3 a6 8. a4 e5 9. Bd3 Nh5 10. 0-0 Nd7 11. Bd2 Nf4 12. Bc2 Nf6 13. Kh2 h6 14. Ng1 g5 15. Nce2 Ng6 16. Ng3 g4 17. Nf5 h5 18. Bg5 gxh3 19. gxh3 Bxf5 20. exf5 Nf4 21. Qf3 Ng4+ 22. Qxg4 hxg4 23. Bxd8 Raxd8 24. hxg4 f6 25. Nh3 Bh6 26. Nxf4 Bxf4+ 27. Kg2 Kg7 28. Kf3 Rh8 29. a5 Rh3+ 30. Ke2 Rdh8 31. Ra3 Rxa3 32. bxa3 Rh3 33. f3 Rh2+ 34. Kd3 Bd2 35. Rb1 Bxa5 36. Rxb7+ Kh6 37. Bb1 Kg5 38. Ke3 Bd2+ 39. Ke4 Kh4 40. Rb6 Kg3 41. Rxd6 Re2+ 42. Kd3 Kxf3 43. Re6 Ba5 44. Bc2 Rd2# 0-1

[Event "Aragon-chT Preferente A"]
[Site "Aragon"]
[Date "2016.02.20"]
[Round "4.48"]
[White "Sarto Ramos, Angel"]
[Black "Vera Jimenez, Andres"]
[Result "1/2-1/2"]
[WhiteElo "1880"]
[BlackElo "1967"]
[PlyCount "45"]
[EventDate "2016.01.30"]
[EventType "team-tourn"]
[EventRounds "9"]
[EventCountry "ESP"]
[SourceTitle "EXT 2018"]
[Source "ChessBase"]
[SourceDate "2017.10.13"]
[SourceVersion "1"]
[SourceVersionDate "2017.10.13"]
[SourceQuality "1"]
[WhiteTeam "El Olivar III"]
[BlackTeam "Tauste"]
[WhiteTeamCountry "ESP"]
[BlackTeamCountry "ESP"]

1. d4 Nf6 2. Nf3 g6 3. Nc3 d5 4. Bf4 c6 5. e3 Bg7 6. Bd3 Nbd7 7. h3 0-0 8. 0-0 Re8 9. Ne5 Nh5 10. Bh2 h6 11. f4 f6 12. Nxd7 Bxd7 13. Ne2 e5 14. c3 Qc7 15. Kh1 Rad8 16. Qb3 Bc8 17. e4 Kh8 18. exd5 e4 19. Bc2 cxd5 20. Bg1 b6 21. a4 Ba6 22. Rae1 Bc4 23. Qa3 1/2-1/2

[Event "Zaragoza Province-ch Preferente"]
[Site "Zaragoza"]
[Date "2015.11.08"]
[Round "6"]
[White "Mombiela de Sus, Jose Luis"]
[Black "Sarto Ramos, Angel"]
[Result "1/2-1/2"]
[WhiteElo "1976"]
[BlackElo "1942"]
[PlyCount "30"]
[EventDate "2015.09.27"]
[EventType "swiss"]
[EventRounds "6"]
[EventCountry "ESP"]
[SourceTitle "CBM 170 Extra"]
[Source "ChessBase"]
[SourceDate "2016.02.25"]
[SourceVersion "1"]
[SourceVersionDate "2016.02.25"]
[SourceQuality "1"]

1. d4 d5 2. Nf3 Nf6 3. e3 Bf5 4. Bd3 Bxd3 5. Qxd3 c6 6. 0-0 e6 7. c4 Nbd7 8. Nc3 Bd6 9. b3 Qe7 10. Bb2 Ba3 11. Bxa3 Qxa3 12. e4 dxe4 13. Nxe4 Nxe4 14. Qxe4 Nf6 15. Qe2 Qd6 1/2-1/2

[Event "Zaragoza Province-ch Preferente"]
[Site "Zaragoza"]
[Date "2015.10.18"]
[Round "4"]
[White "Gines Abad, Pedro"]
[Black "Sarto Ramos, Angel"]
[Result "1-0"]
[WhiteElo "2040"]
[BlackElo "1942"]
[PlyCount "57"]
[EventDate "2015.09.27"]
[EventType "swiss"]
[EventRounds "6"]
[EventCountry "ESP"]
[SourceTitle "CBM 170 Extra"]
[Source "ChessBase"]
[SourceDate "2016.02.25"]
[SourceVersion "1"]
[SourceVersionDate "2016.02.25"]
[SourceQuality "1"]

1. d4 g6 2. e4 c6 3. c4 d6 4. Nc3 Bg7 5. Be3 Nf6 6. f3 0-0 7. Qd2 Re8 8. 0-0-0 a5 9. g4 h5 10. gxh5 Nxh5 11. Nge2 b5 12. Ng3 b4 13. Nce2 Nf6 14. h4 Ba6 15. b3 Nbd7 16. h5 gxh5 17. Bh6 Nh7 18. Bxg7 Kxg7 19. Nf5+ Kh8 20. Qh6 Rg8 21. Qxh7+ Kxh7 22. Rxh5+ Kg6 23. Rh6+ Kg5 24. f4+ Kg4 25. Rh4+ Kf3 26. Rd3+ Kf2 27. Rh2+ Rg2 28. Bxg2 Qh8 29. Bh3+ 1-0

[Event "Zaragoza Province-ch Preferente"]
[Site "Zaragoza"]
[Date "2015.09.27"]
[Round "1"]
[White "Sanchez Castro, Roberto"]
[Black "Sarto Ramos, Angel"]
[Result "1/2-1/2"]
[WhiteElo "2030"]
[BlackElo "1942"]
[PlyCount "79"]
[EventDate "2015.09.27"]
[EventType "swiss"]
[EventRounds "6"]
[EventCountry "ESP"]
[SourceTitle "CBM 170 Extra"]
[Source "ChessBase"]
[SourceDate "2016.02.25"]
[SourceVersion "1"]
[SourceVersionDate "2016.02.25"]
[SourceQuality "1"]

1. e4 g6 2. d4 c6 3. Nc3 d5 4. h3 dxe4 5. Nxe4 Nd7 6. Nf3 Ngf6 7. Ng3 Bg7 8. Be2 Qc7 9. 0-0 0-0 10. Re1 b6 11. Bf1 e6 12. c4 Bb7 13. Be3 Rfd8 14. Qe2 c5 15. Rac1 cxd4 16. Bxd4 Rac8 17. b3 Nc5 18. Be5 Qe7 19. Nd4 Nfe4 20. Bxg7 Kxg7 21. Nxe4 Nxe4 22. Rcd1 Qf6 23. Qe3 h5 24. Ne2 Rxd1 25. Rxd1 Rd8 26. Rxd8 Qxd8 27. f3 Qd2 28. Qd4+ Qxd4+ 29. Nxd4 Nc3 30. a3 e5 31. Nc2 f5 32. h4 Kf6 33. Kf2 f4 34. Ke1 e4 35. Kd2 exf3 36. gxf3 Nb1+ 37. Kc1 Nc3 38. Kd2 Nb1+ 39. Kc1 Nc3 40. Kd2 1/2-1/2

[Event "Aragon-ch Seniors"]
[Site "Zaragoza"]
[Date "2015.06.06"]
[Round "8"]
[White "Sarto Ramos, Angel"]
[Black "Garcia Estruch, Jorge"]
[Result "1-0"]
[WhiteElo "1967"]
[BlackElo "1819"]
[PlyCount "55"]
[EventDate "2015.04.18"]
[EventType "swiss"]
[EventRounds "8"]
[EventCountry "ESP"]
[SourceTitle "EXT 2017"]
[Source "ChessBase"]
[SourceDate "2016.10.25"]
[SourceVersion "1"]
[SourceVersionDate "2016.10.25"]
[SourceQuality "1"]

1. d4 Nf6 2. Nc3 d5 3. Nf3 e6 4. Bg5 c5 5. e4 dxe4 6. Bxf6 Qxf6 7. Nxe4 Qf4 8. Bd3 c4 9. g3 Qc7 10. Be2 Be7 11. Ne5 b5 12. Nc3 Nd7 13. Bf3 Bb7 14. Nxb5 Qa5+ 15. Nc3 Nxe5 16. Bxb7 Rb8 17. Be4 Rxb2 18. 0-0 Qxc3 19. dxe5 0-0 20. Qe1 Qa3 21. Kg2 Bc5 22. Qe2 Rxa2 23. Rab1 Qc3 24. f4 Rd8 25. Rfd1 Rc8 26. Rb7 Bb6 27. Bxh7+ Kh8 28. Qh5 1-0

[Event "Aragon-ch Seniors"]
[Site "Zaragoza"]
[Date "2015.05.23"]
[Round "6"]
[White "Sarto Ramos, Angel"]
[Black "Llucia Marco, Luis"]
[Result "1/2-1/2"]
[WhiteElo "1967"]
[BlackElo "1637"]
[PlyCount "94"]
[EventDate "2015.04.18"]
[EventType "swiss"]
[EventRounds "8"]
[EventCountry "ESP"]
[SourceTitle "EXT 2017"]
[Source "ChessBase"]
[SourceDate "2016.10.25"]
[SourceVersion "1"]
[SourceVersionDate "2016.10.25"]
[SourceQuality "1"]

1. d4 d5 2. Nf3 Nf6 3. Bf4 Bf5 4. Nbd2 e6 5. Nh4 Bd6 6. Bxd6 Qxd6 7. Nxf5 exf5 8. c4 0-0 9. c5 Qd7 10. g3 Nc6 11. Nf3 Rfe8 12. Bg2 Ne4 13. h4 Re6 14. Ng5 Rh6 15. Nxe4 fxe4 16. e3 Ne7 17. g4 f5 18. g5 Ra6 19. Bf1 Rg6 20. Be2 Rf8 21. Qd2 Nc6 22. 0-0-0 b6 23. Kb1 a5 24. Rc1 Rb8 25. Bb5 Qc8 26. cxb6 cxb6 27. Rc3 Qb7 28. Rhc1 Na7 29. Rc7 Qa8 30. Bd7 Rd6 31. Qe2 b5 32. Bxf5 Rc6 33. R7xc6 Nxc6 34. Be6+ Kh8 35. Bxd5 Nxd4 36. Qg4 Qxd5 37. Rc8+ Rxc8 38. Qxc8+ Qg8 39. Qxg8+ Kxg8 40. exd4 Kf7 41. Kc2 Ke6 42. Kd2 Kd5 43. Ke3 g6 44. b3 b4 45. Ke2 Kxd4 46. Kd2 Kd5 47. Ke2 Ke5 1/2-1/2

[Event "Aragon-ch Seniors"]
[Site "Zaragoza"]
[Date "2015.05.02"]
[Round "3"]
[White "Sarto Ramos, Angel"]
[Black "Vasilev, Vas"]
[Result "0-1"]
[WhiteElo "1967"]
[BlackElo "1943"]
[PlyCount "60"]
[EventDate "2015.04.18"]
[EventType "swiss"]
[EventRounds "8"]
[EventCountry "ESP"]
[SourceTitle "EXT 2017"]
[Source "ChessBase"]
[SourceDate "2016.10.25"]
[SourceVersion "1"]
[SourceVersionDate "2016.10.25"]
[SourceQuality "1"]

1. Nf3 Nf6 2. d4 c5 3. e3 g6 4. Be2 Bg7 5. 0-0 0-0 6. a3 b6 7. c4 d6 8. Nc3 Bb7 9. Qc2 Nbd7 10. Rd1 cxd4 11. exd4 Rc8 12. b4 Bxf3 13. gxf3 Nh5 14. Qa4 e5 15. Ra2 exd4 16. Ne4 Ne5 17. Qxa7 d3 18. Rxd3 Nxd3 19. Bxd3 d5 20. Ng3 dxc4 21. Bf1 Nxg3 22. hxg3 Qd1 23. Be3 c3 24. Qxb6 c2 25. Qb5 c1Q 26. Bxc1 Rxc1 27. a4 Qxf3 28. Rd2 Qc6 29. Rd3 Qe4 30. Qd5 Qxb4 0-1

[Event "Aragon-chT Honor GrA"]
[Site "Aragon"]
[Date "2014.02.22"]
[Round "5.10"]
[White "Garcia Vicente, Nieves"]
[Black "Sarto Ramos, Angel"]
[Result "0-1"]
[WhiteElo "2239"]
[BlackElo "1963"]
[PlyCount "142"]
[EventDate "2014.01.25"]
[EventType "team-tourn"]
[EventRounds "7"]
[EventCountry "ESP"]
[SourceTitle "EXT 2015"]
[Source "ChessBase"]
[SourceDate "2014.11.20"]
[SourceVersion "1"]
[SourceVersionDate "2014.11.20"]
[SourceQuality "1"]
[WhiteTeam "Caissa Hermanos Cortes"]
[BlackTeam "El Olivar II"]
[WhiteTeamCountry "ESP"]
[BlackTeamCountry "ESP"]

1. d4 f5 2. Nc3 Nf6 3. Bg5 e6 4. e4 fxe4 5. Nxe4 Be7 6. Bxf6 Bxf6 7. Nf3 0-0 8. Bd3 d6 9. Qd2 Nc6 10. Nxf6+ Qxf6 11. 0-0 Qf4 12. Qxf4 Rxf4 13. c3 Bd7 14. Rae1 h6 15. Re4 Raf8 16. Rxf4 Rxf4 17. Re1 Kf7 18. Re3 g5 19. g3 Rf6 20. Nd2 d5 21. Bb5 Nb8 22. Be2 Nc6 23. Nf3 Ke7 24. b4 a6 25. h4 gxh4 26. Nxh4 Kd6 27. f4 Ne7 28. Bd3 Bb5 29. Bc2 b6 30. Re5 c5 31. bxc5+ bxc5 32. Nf3 Nc6 33. Rh5 Be2 34. dxc5+ Kxc5 35. Kf2 Bxf3 36. Kxf3 Kc4 37. Ba4 Ne7 38. Rh1 e5 39. Rc1 e4+ 40. Ke2 Re6 41. Bb3+ Kc5 42. Rg1 h5 43. Kf2 Nf5 44. Bd1 Ng7 45. Bb3 a5 46. Rg2 Nf5 47. Bd1 Rb6 48. Bxh5 Rb2+ 49. Kg1 Rb1+ 50. Kh2 Rc1 51. Bg6 Ne3 52. Re2 Rxc3 53. f5 Ng4+ 54. Kh3 Nf6 55. Kh4 d4 56. g4 d3 57. Re3 Kd4 58. Re1 d2 59. Rd1 e3 60. g5 Rc1 61. gxf6 Rxd1 62. f7 e2 63. f8Q e1Q+ 64. Kg5 Qe3+ 65. Kf6 Qe5+ 66. Kf7 Rc1 67. Qd8+ Qd5+ 68. Qxd5+ Kxd5 69. Bh5 d1Q 70. Bxd1 Rxd1 71. f6 Ra1 0-1

[Event "ESP-ch 78th"]
[Site "Linares"]
[Date "2013.09.01"]
[Round "4"]
[White "Romero Berruezo, Francisco"]
[Black "Sarto Ramos, Angel"]
[Result "1-0"]
[WhiteElo "2154"]
[BlackElo "2002"]
[PlyCount "163"]
[EventDate "2013.08.29"]
[EventType "swiss"]
[EventRounds "9"]
[EventCountry "ESP"]
[SourceTitle "CBM 156 Extra"]
[Source "ChessBase"]
[SourceDate "2013.10.22"]
[SourceVersion "1"]
[SourceVersionDate "2013.10.22"]
[SourceQuality "1"]

1. e4 e6 2. d4 d5 3. Nd2 dxe4 4. Nxe4 Nd7 5. Nf3 Ngf6 6. Nxf6+ Nxf6 7. c3 b6 8. Ne5 Bb7 9. Bb5+ c6 10. Qf3 Qd5 11. Qxd5 Nxd5 12. Be2 f6 13. Nd3 Bd6 14. Bd2 0-0 15. c4 Nc7 16. Bf3 e5 17. dxe5 fxe5 18. 0-0-0 Ne6 19. Rhe1 Nd4 20. Be4 a5 21. Bc3 g5 22. f3 Rad8 23. Nf2 h5 24. Bg6 h4 25. Be4 Bc8 26. h3 Kg7 27. Bd2 Kf6 28. Bd3 Bf5 29. Bxf5 Kxf5 30. Ne4 Be7 31. Be3 Rd7 32. Kb1 Rfd8 33. c5 bxc5 34. Rc1 Rd5 35. Nc3 R5d7 36. Na4 Ne6 37. Nb6 Rd3 38. Nc4 Nf4 39. Bxf4 gxf4 40. Rxe5+ Kf6 41. Rce1 Rd1+ 42. Kc2 Rxe1 43. Rxe1 Rg8 44. Re2 a4 45. a3 Rd8 46. Re4 Rd4 47. Rxd4 cxd4 48. Kd3 c5 49. Nb6 Ke6 50. Nxa4 Kd5 51. Nb6+ Kc6 52. Nc4 Kd5 53. b3 Bd8 54. a4 Bc7 55. Nd2 Ba5 56. Ne4 Bb4 57. Nf6+ Ke5 58. Nd7+ Kd5 59. Nf8 Be1 60. Ng6 Bg3 61. a5 Kc6 62. Kc4 Be1 63. a6 Bg3 64. Ne5+ Kb6 65. Nd7+ Kxa6 66. Nxc5+ Kb6 67. Nd3 Bh2 68. b4 Bg1 69. Nxf4 Bf2 70. Nd3 Be3 71. b5 Bg1 72. f4 Be3 73. f5 Bg5 74. Nb4 Ka5 75. Nc6+ Kb6 76. Nxd4 Be7 77. Ne6 Bf6 78. Nf4 Bg5 79. Nd5+ Kb7 80. Kc5 Bh6 81. Kd6 Bf8+ 82. Kd7 1-0

[Event "Aragon-chT Preferente Ascenso"]
[Site "Aragon"]
[Date "2013.04.06"]
[Round "10.32"]
[White "Sarto Ramos, Angel"]
[Black "Torres Ferrandez, Mario"]
[Result "1-0"]
[WhiteElo "1957"]
[BlackElo "1941"]
[PlyCount "84"]
[EventDate "2013.01.26"]
[EventType "team-tourn"]
[EventRounds "11"]
[EventCountry "ESP"]
[SourceTitle "EXT 2014"]
[Source "ChessBase"]
[SourceDate "2013.11.20"]
[SourceVersion "1"]
[SourceVersionDate "2013.11.20"]
[SourceQuality "1"]
[WhiteTeam "El Olivar III"]
[BlackTeam "Tauste"]
[WhiteTeamCountry "ESP"]
[BlackTeamCountry "ESP"]

1. Nf3 f5 2. d4 Nf6 3. h3 d5 4. Bf4 e6 5. Nc3 Bb4 6. Bd2 c5 7. a3 Bxc3 8. Bxc3 Ne4 9. e3 0-0 10. Be2 Nc6 11. 0-0 Qf6 12. Be1 b6 13. b4 c4 14. b5 Ne7 15. Bb4 a5 16. Bxe7 Qxe7 17. Qe1 a4 18. Ne5 Bd7 19. f3 Nd6 20. e4 Nxb5 21. exd5 exd5 22. Nxc4 Nxd4 23. Nxb6 Nxe2+ 24. Kh1 Rae8 25. Qf2 Qd6 26. Rfe1 Bb5 27. c4 Ng3+ 28. Kg1 Bxc4 29. Rad1 Rxe1+ 30. Rxe1 Rb8 31. Nxa4 f4 32. Nc5 Rc8 33. Nb7 Qxa3 34. Qb6 Qf8 35. Qe6+ Kh8 36. Nd6 Ne2+ 37. Rxe2 Bxe2 38. Nxc8 Bc4 39. Nd6 Bb3 40. Nf7+ Kg8 41. Nh6+ Kh8 42. Nf7+ Kg8 1-0